Teljesült a pedagógiai főiskola tanulóinak kérése
Elmentve itt :
| Dokumentumtípus: | Cikk |
|---|---|
| Megjelent: |
1957-05-19
|
| Sorozat: | Délmagyarország
|
| Kulcsszavak: | Pedagógiai Főiskola Szeged 1957 |
| Online Access: | http://dmarchiv.bibl.u-szeged.hu/35607 |
| LEADER | 00432nab a2200145 i 4500 | ||
|---|---|---|---|
| 001 | delm35607 | ||
| 005 | 20180927112839.0 | ||
| 008 | 180927s1957 hu o 0|| hun d | ||
| 040 | |a SZTE Délmagyarország Archívum |b hun | ||
| 041 | |a hun | ||
| 245 | 0 | 0 | |a Teljesült a pedagógiai főiskola tanulóinak kérése |h [elektronikus dokumentum] |
| 260 | |c 1957-05-19 | ||
| 300 | |a 3 | ||
| 490 | 0 | |a Délmagyarország | |
| 695 | |a Pedagógiai Főiskola Szeged 1957 | ||